[Event "Bohemians (Women)"]
[Site "Prague"]
[Date "1989.??.??"]
[Round "?"]
[White "Samardzic, Jasna"]
[Black "Modrova, Hana"]
[Result "1/2-1/2"]
[WhiteElo "2150"]
[BlackElo "2120"]

1.e4 d6 2.d4 Nf6 3.Nc3 c6 4.f4 Qa5 5.Bd2 Qb6 6.e5 dxe5 7.fxe5 Nd5 8.Nxd5 cxd5
9.Bc3 Bf5 10.Nf3 Nc6 11.a3 e6 12.Be2 Be7 13.Qd2 h6 14.h3 Be4 15.h4 a6 16.Bd1 Kd7
17.Qf2 g5 18.Nd2 Bf5 19.g4 Bg6 20.h5 Bh7 21.Nb3 Rhf8 22.O-O Rae8 23.Nc5+ Kc8
24.b4 Qa7 25.Be2 Bd8 26.a4 f5 27.b5 fxg4 28.Qxf8 Rxf8 29.Rxf8 Nxe5 30.Nxe6 Kd7
31.Nxd8 a5 32.Kg2 Be4+ 33.Kg3 Nf3 34.Nxb7 Ke7 35.Rg8 Kf7 36.Rd8 Qxb7 37.Bxa5 Nxd4
38.Bxg4 Nf5+ 39.Bxf5 Bxf5 40.Rf1 Ke7 41.Re1+ Be4 42.Rg8 Ke6 43.Rg6+ Ke5 44.Rc6 Qf7
45.Bc7+ Kd4 46.Bb6+ Ke5  1/2-1/2

[Event "CSR-ch int"]
[Site "Prague"]
[Date "1989.??.??"]
[Round "2"]
[White "Haba, Petr"]
[Black "Mokry, Karel"]
[Result "1/2-1/2"]
[WhiteElo "2480"]
[BlackElo "2500"]

1.d4 d6 2.e4 Nf6 3.Nc3 c6 4.f4 Qa5 5.Bd3 e5 6.Nf3 Bg4 7.dxe5 dxe5 8.fxe5 Nfd7
9.Bf4 Nxe5 10.Bxe5 Bxf3 11.Qxf3 Qxe5 12.Bc4 f6 13.O-O-O Nd7 14.Qh3 Bd6 15.Rd2 Qe7  1/2-1/2

[Event "Prague Vysehrad"]
[Site "Prague"]
[Date "1989.??.??"]
[Round "10"]
[White "Gola, Martin"]
[Black "Hausner, Ivan"]
[Result "0-1"]
[WhiteElo "2375"]
[BlackElo "2445"]

1.e4 d6 2.d4 Nf6 3.Nc3 c6 4.Nf3 Bg4 5.Be2 Nbd7 6.O-O e5 7.Be3 Be7 8.Nd2 Bxe2
9.Qxe2 O-O 10.a4 Re8 11.dxe5 dxe5 12.Rfd1 Qc7 13.Nb3 Bb4 14.Na2 Be7 15.Nc3 Nf8
16.Qc4 Ne6 17.Nc5 Nd4 18.Bxd4 exd4 19.Ne2 Ng4 20.Ng3 h5 21.Qxd4 h4 22.Nf1 Rad8
23.Qc4 Qf4 24.Nd3 Rxd3 25.cxd3 Qxf2+ 26.Kh1 h3  0-1

[Event "Preston"]
[Site "Preston"]
[Date "1989.??.??"]
[Round "?"]
[White "Tisdall, Jonathan D"]
[Black "Hodgson, Julian M"]
[Result "1/2-1/2"]
[WhiteElo "2460"]
[BlackElo "2545"]

1.d4 d6 2.e4 Nf6 3.Nc3 c6 4.a4 g6 5.g3 Bg7 6.Bg2 O-O 7.Nge2 Nbd7 8.O-O Qc7
9.h3 b6 10.Be3 Bb7 11.Qd2 a6 12.Bh6 Bxh6 13.Qxh6 b5 14.g4 b4 15.Nd1 c5 16.d5 e6
17.Ne3 Rae8 18.Ng3 Kh8 19.a5 c4 20.Qf4 Kg7 21.Qf3 Qc5 22.g5 Ng8 23.Qd1 exd5
24.exd5 f5 25.gxf6+ Ndxf6 26.c3 bxc3 27.bxc3 Rxe3 28.fxe3 Qxe3+ 29.Kh2 Qxc3
30.Rc1  1/2-1/2

[Event "Primorsko op"]
[Site "Primorsko"]
[Date "1989.??.??"]
[Round "?"]
[White "Zayac, Elena"]
[Black "Syre, Christian"]
[Result "1-0"]
[WhiteElo "2380"]
[BlackElo "2270"]

1.d4 d6 2.e4 Nf6 3.Nc3 c6 4.Bg5 Qa5 5.Qd2 e5 6.dxe5 dxe5 7.Bxf6 gxf6 8.Bc4 h5
9.f4 Nd7 10.Nge2 b5 11.Bb3 Bc5 12.Rf1 Qb6 13.fxe5 Nxe5 14.h3 Bd7 15.Rxf6 O-O-O
16.Nd5 Qb8 17.Qc3 Bf8 18.Nb4 Bg7 19.Rxf7 Nxf7 20.Qxg7 Ne5 21.O-O-O Rhe8 22.Nd3 h4
23.Qg5 Nxd3+ 24.cxd3 Qe5 25.Qxh4 Qc5+ 26.Kb1 Qe3 27.Nc1 Be6 28.Qf6 Bxb3 29.Qxc6+ Kb8
30.Nxb3 Re5 31.Na5 Qb6 32.Qxb6+  1-0

[Event "Ragusa op"]
[Site "Ragusa"]
[Date "1989.??.??"]
[Round "?"]
[White "Tradardi, Mario"]
[Black "Sericano, Claudio"]
[Result "1/2-1/2"]
[WhiteElo "2020"]
[BlackElo "2185"]

1.e4 d6 2.d4 Nf6 3.Nc3 e5 4.dxe5 dxe5 5.Qxd8+ Kxd8 6.Nf3 Bd6 7.Bg5 Be6 8.O-O-O Ke7
9.Nd5+ Bxd5 10.exd5 Nd7 11.Bb5 a6 12.Bxd7 Kxd7 13.Bxf6 gxf6 14.Nh4 Rhg8 15.Rd3 Rg4
16.Rh3 Bc5  1/2-1/2

[Event "Reggio Emilia 8990"]
[Site "Reggio Emilia"]
[Date "1989.??.??"]
[Round "?"]
[White "Wagman, Stuart"]
[Black "Beil, Zdenek"]
[Result "1/2-1/2"]
[WhiteElo "2290"]
[BlackElo "2375"]

1.e4 d6 2.d4 Nf6 3.Nc3 c6 4.g3 Qb6 5.Bg2 e5 6.Nge2 Be7 7.O-O O-O 8.h3 Re8
9.a4 Nbd7 10.a5 Qc7 11.f4 exd4 12.Nxd4 Bf8 13.Nb3 Rb8 14.g4 h6 15.Nd4 Nc5
16.e5 Nh7 17.exd6 Qxd6 18.f5 Ra8 19.Bf4 Qf6 20.Nde2 Qe7 21.Ng3 Nf6 22.Re1 Qxe1+
23.Qxe1 Rxe1+ 24.Rxe1 Bd7 25.Nge4 Ncxe4 26.Nxe4 Nd5 27.Bd6 Re8 28.Bxf8 Kxf8
29.Kf2 Nb4 30.Nd6 Rxe1 31.Kxe1 b6 32.axb6 axb6 33.Kd2 Ke7 34.Nc4 b5 35.Ne5 c5
36.c3 Na6 37.Bb7 Nc7 38.Ke3 Be8 39.h4 Kd8 40.Ke4 f6 41.Nd3 Bf7 42.b4  1/2-1/2

[Event "Reykjavik"]
[Site "Reykjavik"]
[Date "1989.??.??"]
[Round "?"]
[White "Thorsteins, Karl"]
[Black "Hodgson, Julian M"]
[Result "1-0"]
[WhiteElo "2430"]
[BlackElo "2545"]

1.d4 d6 2.e4 Nf6 3.Nc3 c6 4.Nf3 Bg4 5.Be2 e6 6.O-O Be7 7.h3 Bh5 8.Be3 d5
9.e5 Nfd7 10.Nh2 Bg6 11.f4 c5 12.Nxd5 exd5 13.f5 cxd4 14.Bxd4 Nc6 15.c3 Ndxe5
16.fxg6 hxg6 17.Nf3 Nxd4 18.Qa4+ Nec6 19.Nxd4 O-O 20.Nxc6 bxc6 21.Qxc6 Rc8
22.Qa6 Bd6 23.Bf3 Qf6 24.Qd3 Qe5 25.Bxd5 Qh2+ 26.Kf2 Bc5+ 27.Kf3 Rcd8 28.Qe4 Qb8
29.Qc4 Qd6 30.Rad1 g5 31.g3 Bb6 32.Kg2 Qe7 33.Qe4 Qc5 34.Qf5 Qe7 35.Rde1 Qd6
36.c4 Bd4 37.Bxf7+ Kh8 38.Re6 Qb4 39.Qg6 Qxb2+ 40.Kh1 Qb7+ 41.Rc6 Rxf7 42.Rxf7 Qa8
43.Qe4 Re8 44.Re7 Rf8 45.Qg2 Bf2 46.Rce6 Qb8 47.Qe4  1-0

[Event "Reykjavik"]
[Site "Reykjavik"]
[Date "1989.??.??"]
[Round "?"]
[White "Arnason, Jon L"]
[Black "Hodgson, Julian M"]
[Result "0-1"]
[WhiteElo "2550"]
[BlackElo "2545"]

1.e4 d6 2.d4 Nf6 3.Nc3 c6 4.f4 Qa5 5.Bd3 e5 6.dxe5 dxe5 7.f5 b5 8.Nf3 Nbd7
9.O-O b4 10.Nb1 Ba6 11.Nbd2 Bxd3 12.cxd3 Qb5 13.Nc4 Rd8 14.Qc2 Bc5+ 15.Kh1 O-O
16.Bg5 Rfe8 17.d4 Bxd4 18.Nd6 Qb6 19.Nxe8 Rxe8 20.Rac1 c5 21.Bxf6 Nxf6 22.Rfe1 Ng4
23.h3 Qh6 24.Nxd4 cxd4 25.Qc6 Nf6 26.Qa6 Qh4 27.Qd3 h6 28.Kg1 Rd8 29.Re2 Nh5
30.Qf3 Ng3 31.Ree1 d3 32.Rcd1 Ne2+ 33.Kh2 Rd4 34.g3 Qd8 35.Rd2 a5 36.Red1 Nc3
37.bxc3 bxc3 38.Rxd3 c2 39.Rxd4 exd4 40.Kg2 cxd1=Q 41.Qxd1 d3 42.Qd2 a4 43.Kf3 Qd4
44.g4 a3 45.h4 f6 46.h5 Kh7 47.Kf4 Qg1 48.Kf3 Qf1+ 49.Ke3 Qh3+ 50.Kd4 Qf3
51.Kc3 Qxe4 52.Qxd3 Qxg4 53.Kb3 Qxh5 54.Qg3 Qg5 55.Qf3 Qc1 56.Ka4 Qb2 57.Qd5 Qc3
58.Qg2 Qe3 59.Qg6+ Kg8 60.Kb4 Qg5 61.Qe8+ Kh7 62.Kxa3 h5 63.Kb3 h4 64.Qe2 h3
65.Qf3 h2 66.a4 Qh6 67.Qh1 Qe3+  0-1

[Event "Royan op"]
[Site "Royan"]
[Date "1989.??.??"]
[Round "3"]
[White "Cabrilo, Goran"]
[Black "Novoselski, Zoran"]
[Result "1/2-1/2"]
[WhiteElo "2510"]
[BlackElo "2360"]

1.e4 d6 2.d4 Nf6 3.Nc3 c6 4.Nf3 Bg4 5.Be2 e6 6.Be3 Be7 7.O-O d5 8.e5 Nfd7
9.Ne1 Bxe2 10.Nxe2 c5 11.c3 Qb6 12.b3 Nc6 13.Nf4 g6 14.Nf3 cxd4 15.cxd4 a5
16.h4 h5 17.a4 Bd8 18.Ne2 Ne7 19.Bg5 Rc8 20.Qd2 Nf5 21.Rac1 Rxc1 22.Rxc1 Bxg5
23.Qxg5 Qd8 24.Qf4 Nb8 25.Nc3 Nc6 26.Nb5 Kf8 27.Ng5 Kg7 28.Rc3 Qe7 29.g3 Rf8
30.Nf3 Qb4  1/2-1/2

[Event "Salamanca"]
[Site "Salamanca"]
[Date "1989.??.??"]
[Round "?"]
[White "De la Villa Garcia, Jesus Maria"]
[Black "Rivas Pastor, Manuel"]
[Result "0-1"]
[WhiteElo "2430"]
[BlackElo "2505"]

1.e4 d6 2.d4 Nf6 3.Nc3 c6 4.f4 Qa5 5.e5 Ne4 6.Qf3 Nxc3 7.Bd2 Bf5 8.Bxc3 Qd5
9.O-O-O e6 10.b3 Nd7 11.Qf2 dxe5 12.Bc4 Ba3+ 13.Kb1 Qd6 14.fxe5 Nxe5 15.Re1 O-O-O
16.Rxe5 Qxe5 17.Bb4 Rxd4 18.Bxa3 Rd1+ 19.Bc1 Rxc1+ 20.Kxc1 Rd8 21.Bd3 Qa1+
22.Kd2 Bxd3  0-1

[Event "Salamanca"]
[Site "Salamanca"]
[Date "1989.??.??"]
[Round "?"]
[White "Franco Ocampo, Zenon"]
[Black "Rivas Pastor, Manuel"]
[Result "0-1"]
[WhiteElo "2490"]
[BlackElo "2505"]

1.d4 d6 2.e4 Nf6 3.Nc3 c6 4.Nf3 Bg4 5.Be2 Nbd7 6.O-O e5 7.Be3 Be7 8.a4 O-O
9.Nd2 Bxe2 10.Qxe2 Re8 11.d5 Qc7 12.a5 Rec8 13.Rfc1 h6 14.g3 Bd8 15.a6 bxa6
16.Qxa6 cxd5 17.exd5 Nc5 18.Qe2 a5 19.Nb5 Qd7 20.Bxc5 Rxc5 21.c4 Bb6 22.Kg2 Rcc8
23.f3 Rf8 24.Ne4 Nxe4 25.fxe4 f5 26.exf5 Rxf5 27.Rf1 Raf8 28.Rxf5 Rxf5 29.Rf1 Rxf1
30.Qxf1 e4 31.Qf4 e3 32.Nc3 Qe8 33.Kf1 Qh5 34.h4 Qg6 35.Ne4 a4 36.g4 Bd4
37.h5 Qf7 38.Qxf7+ Kxf7 39.Nxd6+ Kf8 40.c5 Bxc5 41.Nb5 Bb4 42.Ke2 Bd2 43.Kd3 Ke7
44.Nd4 Kd6 45.Nf5+ Kxd5 46.g5 hxg5  0-1

[Event "Sao Paulo"]
[Site "Sao Paulo"]
[Date "1989.??.??"]
[Round "?"]
[White "Van Riemsdijk, Herman C"]
[Black "Correa, Aron A"]
[Result "1-0"]
[WhiteElo "2350"]
[BlackElo "2270"]

1.e4 d6 2.d4 Nf6 3.Nc3 c6 4.f4 Qa5 5.Bd2 Qb6 6.Nf3 Bg4 7.Na4 Qc7 8.h3 Bxf3
9.Qxf3 e5 10.dxe5 dxe5 11.O-O-O Nbd7 12.g4 exf4 13.Bxf4 Qa5 14.Nc3 Ne5 15.Qg3 Nfd7
16.h4 Bb4 17.Bh3 Bxc3 18.Qxc3 Qxc3 19.bxc3 h6 20.g5 hxg5 21.Bxg5 f6 22.Bf4 Ke7
23.Bg3 Rad8 24.Rhg1 Rhg8 25.h5 Nf7 26.Bc7 Nde5 27.Bxd8+ Nxd8 28.Bf5 Ne6 29.Rg2 Nf4
30.Rgd2 Nxh5 31.Rd7+ Nxd7 32.Rxd7+ Ke8 33.Rxb7 Nf4 34.Kd2 g5 35.Rxa7 Rf8
36.a4  1-0

[Event "Sevilla op"]
[Site "Sevilla"]
[Date "1989.??.??"]
[Round "?"]
[White "Strikovic, Aleksa"]
[Black "Rodriguez, Antonio"]
[Result "1-0"]
[WhiteElo "2490"]
[BlackElo "2335"]

1.e4 d6 2.d4 Nf6 3.Nc3 c6 4.a4 Qa5 5.Bd2 e5 6.Nf3 Qc7 7.a5 Bg4 8.Be3 Nbd7
9.Be2 Be7 10.O-O O-O 11.Nd2 Bxe2 12.Qxe2 b5 13.f4 a6 14.Qf3 Rac8 15.g4 g6
16.Ne2 Ne8 17.Kh1 Ng7 18.dxe5 dxe5 19.f5 Qd8 20.Rad1 Bg5 21.Nb3 Bxe3 22.Qxe3 Qc7
23.Rf3 Nf6 24.h3 c5 25.Rdf1 g5 26.Qxg5 Nxe4 27.Qe3 Qc6 28.Nc3 Ng3+ 29.Kg1 Nxf1
30.Rxf1 c4 31.Nd2 Qc5 32.Qxc5 Rxc5 33.Nde4 Rcc8 34.Nd5 Rcd8 35.Nb4 Rd4 36.Re1 f6
37.Nxa6 Ne8 38.c3 Rxe4 39.Rxe4 Nd6 40.Re1 Ra8 41.Nc5 Rxa5 42.Rd1 Nf7 43.Ne4 Ra6
44.Rd7 h5 45.Kf2 hxg4 46.hxg4 Kf8 47.Kg3 Ng5 48.Nxg5 fxg5 49.Kf3 Ra1 50.Rb7 Rg1
51.Ke4 Rxg4+ 52.Kxe5 Rg2 53.Kf6 Ke8 54.Kg7 Rxb2 55.f6 Rf2 56.f7+ Rxf7+ 57.Rxf7  1-0

[Event "URS Army-ch"]
[Site "Simferopol"]
[Date "1989.??.??"]
[Round "?"]
[White "Petrushin, Alexander I"]
[Black "Tseshkovsky, Vitaly"]
[Result "1-0"]
[WhiteElo "2360"]
[BlackElo "2520"]

1.e4 d6 2.d4 Nf6 3.Nc3 c6 4.Nf3 Bg4 5.Be2 e6 6.O-O d5 7.Ne5 Bxe2 8.Qxe2 Nbd7
9.Nxd7 Qxd7 10.Bg5 Nxe4 11.Nxe4 dxe4 12.Qxe4 Qd5 13.Qe3 c5 14.dxc5 Bxc5 15.Qg3 Rc8
16.Rad1 Qf5 17.c4 O-O 18.Rd7 b6 19.Rxa7 b5 20.Ra5 bxc4 21.Be3 Bd6 22.Rxf5 Bxg3
23.Rb5 Bh4 24.Rc1 Bf6 25.a4 Rfd8 26.Kf1 h6 27.Ke2 Be7 28.Rb7 Kf8 29.a5 e5
30.a6 f5 31.a7 Re8 32.Rd1 f4 33.Bb6 e4 34.Rdd7 g5  1-0

[Event "POL-ch"]
[Site "Slupsk"]
[Date "1989.??.??"]
[Round "12"]
[White "Szymczak, Zbigniew"]
[Black "Kuczynski, Robert"]
[Result "1/2-1/2"]
[WhiteElo "2400"]
[BlackElo "2450"]

1.e4 d6 2.d4 Nf6 3.Nc3 c6 4.Nf3 Bg4 5.h3 Bh5 6.Be2 e6 7.O-O Be7 8.Be3 Bg6
9.e5 Nd5 10.Nxd5 cxd5 11.c3 Nc6 12.Qb3 Rb8 13.exd6 Bxd6 14.Ne5 O-O 15.Nxg6 hxg6
16.Qd1 Ne7 17.Bd3 Qc7 18.a4 a6 19.Qe2 Nc6 20.Rad1 Rfe8 21.Bb1 Na5 22.Bc1 Nc4
23.Qc2 Bh2+ 24.Kh1 Bf4 25.b3 Na5 26.Bxf4 Qxf4 27.Rd3 Rbc8 28.Rf3 Qh4 29.Re1 Rc7
30.Ree3 Rec8 31.Kh2 Nc6 32.Qd3 Ne7 33.Qd2 Qh6 34.Qe1 Rd8 35.g3 Nc8 36.Kg2 Nd6
37.Rf4 Nf5 38.Bxf5 gxf5 39.Rh4 Qg6 40.Rf4 Rdc8 41.h4 Qf6 42.Rff3 Qd8 43.a5 Rc6
44.b4 g6 45.Rd3 Kg7 46.Qe5+ f6 47.Qe1 Qd6 48.Rfe3 f4 49.Re2 Kf7 50.Rf3 Rc4
51.gxf4 R4c6 52.Qd2 Rh8 53.Rh3 Rh5 54.Re1 Rc8 55.Qe2 Rch8 56.Qg4 Qe7 57.Reh1 R8h7
58.Kf1 Qd6 59.Ke2 Qe7 60.Kd2 Qd6 61.Re1 Rf5  1/2-1/2

[Event "St Ingbert op"]
[Site "St Ingbert"]
[Date "1989.??.??"]
[Round "4"]
[White "Scheipl, Ralf"]
[Black "Hausner, Ivan"]
[Result "0-1"]
[WhiteElo "2315"]
[BlackElo "2440"]

1.e4 d6 2.d4 Nf6 3.Nc3 c6 4.Bc4 Qa5 5.Qd3 e5 6.Bd2 Qb6 7.dxe5 dxe5 8.O-O-O Nbd7
9.Qg3 g6 10.Be2 Bb4 11.Qh4 Be7 12.Bg5 h6 13.Nh3 Rh7 14.Be3 Qa5 15.Qg3 b5
16.f4 b4 17.Nb1 exf4 18.Nxf4 Qxa2 19.Bd4 c5 20.e5 cxd4 21.exf6 Bxf6 22.Rde1 Kf8
23.h4 Nc5 24.Nxg6+ fxg6 25.Qd6+ Be7 26.Qxg6 Rg7 27.Rhf1+ Kg8 28.Qe8+ Kh7
29.Qb5 Ba6  0-1

[Event "St Ingbert op"]
[Site "St Ingbert"]
[Date "1989.??.??"]
[Round "5"]
[White "Zimmermann, Frank"]
[Black "Spacek, Petr"]
[Result "0-1"]
[WhiteElo "2235"]
[BlackElo "2415"]

1.e4 d6 2.d4 Nf6 3.Nc3 c6 4.a4 g6 5.a5 Bg7 6.Be2 Qc7 7.Nf3 e5 8.O-O O-O 9.h3 Nbd7
10.Be3 Re8 11.Nd2 Ng4 12.Nb3 Nxe3 13.fxe3 Nf6 14.Bf3 Bd7 15.Qe1 d5 16.Qh4 dxe4
17.Bxe4 Qd8 18.Bd3 Nd5 19.Qxd8 Raxd8 20.Bc4 Be6 21.Bxd5 cxd5 22.Ra4 Bf5 23.Na1 Bh6
24.Kf2 Rd6 25.Rd1 Bd7 26.Rb4 Bc6 27.dxe5 Rxe5 28.Rd3 Rf5+ 29.Ke2 d4  0-1

[Event "St Ingbert op"]
[Site "St Ingbert"]
[Date "1989.??.??"]
[Round "6"]
[White "Pirrot, Dieter"]
[Black "Hausner, Ivan"]
[Result "0-1"]
[WhiteElo "2355"]
[BlackElo "2440"]

1.e4 d6 2.d4 Nf6 3.Nc3 c6 4.a4 Nbd7 5.Nf3 e5 6.dxe5 dxe5 7.Bc4 Bb4 8.O-O O-O
9.Qe2 a5 10.h3 Qc7 11.Nb1 Be7 12.Re1 Nc5 13.Nbd2 Nh5 14.Nf1 Nf4 15.Bxf4 exf4
16.e5 Ne6 17.c3 c5 18.N1d2 b6 19.Bd5 Ba6 20.Qe4 Rad8 21.c4 Bc8 22.Nb1 Kh8
23.Nc3 Bd7 24.Rad1 g5 25.Re2 Ng7 26.Qc2 Bf5 27.Be4 Rxd1+ 28.Qxd1 Bxe4 29.Rxe4 f5
30.exf6 Bxf6 31.Nd5 Qd6 32.Qe2 Qd8 33.b3 Nf5 34.Re6 Nd4 35.Nxd4 Bxd4 36.Qh5 Qd7
37.Qe2 Qf7 38.Re7 Qg6 39.Qe4 Qxe4 40.Rxe4 f3 41.g4 Kg8 42.h4 gxh4 43.Ne7+ Kf7
44.Nf5 Kg6 45.Nxd4 cxd4 46.Rxd4 Kg5 47.Kh2 Rf4 48.Rd7 Rxg4 49.Rg7+ Kf4 50.Rxh7 Rg2+
51.Kh3 Rxf2 52.Rxh4+ Ke3 53.Rh6 Rb2 54.Rxb6 Kf2 55.c5 Ke1  0-1

[Event "Tapolca"]
[Site "Tapolca"]
[Date "1989.??.??"]
[Round "?"]
[White "Madl, Ildiko"]
[Black "Busch, Klaus"]
[Result "1/2-1/2"]
[WhiteElo "2270"]
[BlackElo "2255"]

1.e4 d6 2.d4 Nf6 3.Nc3 c6 4.Nf3 Bg4 5.Be3 e6 6.Be2 Be7 7.a4 d5 8.Nd2 Bxe2
9.Qxe2 O-O 10.O-O dxe4 11.Ndxe4 Nbd7 12.Rad1 Qa5 13.Ng3 Nd5 14.Nxd5 cxd5
15.f4 Qxa4 16.f5 Qc6 17.f6 Nxf6 18.Bg5 Kh8 19.Nh5 Ng8 20.Qg4 g6 21.Bxe7 Nxe7
22.Nf6 Ng8 23.c3 Nxf6 24.Rxf6 Qc7 25.Rdf1 Kg7 26.h4 h6 27.h5 g5 28.Rxh6 Qe7
29.Rhf6 Qxf6 30.Rxf6 Kxf6 31.Qg3 Kg7 32.Qxg5+ Kh7 33.Qf6 Rae8 34.g4 e5 35.h6 Rg8
36.Qxf7+ Kxh6 37.Qh5+ Kg7 38.dxe5 Re6 39.Qg5+ Rg6 40.Qe7+ Kh8 41.Qxb7 Rxg4+
42.Kf2 Re4 43.Qxd5 Rf8+ 44.Kg3 Re3+ 45.Kg4 Re1 46.e6 Rg1+ 47.Kh3 Rg7 48.Qe5 Rf3+
49.Kh2 Rf2+ 50.Kh3 Rf3+ 51.Kh2 Rf2+ 52.Kh3 Rf3+  1/2-1/2

[Event "Tarrassa"]
[Site "Tarrassa"]
[Date "1989.??.??"]
[Round "?"]
[White "Campos, Jose Felix"]
[Black "Vehi Bach, Victor Manuel"]
[Result "1/2-1/2"]
[WhiteElo "2255"]
[BlackElo "2360"]

1.d4 d6 2.e4 Nf6 3.Nc3 c6 4.Nf3 g6 5.Be2 Bg7 6.O-O O-O 7.a4 Qc7 8.h3 e5 9.Re1 Rd8
10.Bg5 h6 11.Be3 Qe7 12.Qd2 exd4 13.Bxd4 Na6 14.Rad1 Be6 15.Be3 Kh7 16.Nd4 Nc7
17.a5 d5 18.a6 Bc8 19.Bf4 Ne6 20.Nxe6 Bxe6 21.e5 Nd7 22.axb7 Rab8 23.Na4 Rxb7
24.c3 a5 25.Bh2 Nb6 26.Nxb6 Rxb6 27.Bd3 Rdb8 28.Rb1 Qb7 29.Re2 c5 30.f4 Kg8
31.g4 d4 32.cxd4 cxd4 33.Be4 Bd5 34.Qxd4 Bxe4 35.Qxe4 Qxe4 36.Rxe4 Rxb2 37.Rxb2 Rxb2
38.f5 Rb1+ 39.Kg2 Rb2+ 40.Kh1 Rb1+ 41.Kg2 Rb2+ 42.Kh1 Rb1+ 43.Bg1 Bf8 44.Kg2 Rb2+
45.Kf3 Rb3+ 46.Kg2  1/2-1/2

[Event "Uzes op"]
[Site "Uzes"]
[Date "1989.??.??"]
[Round "2"]
[White "Weinsanto, Marc"]
[Black "Lebel Arias, Julia"]
[Result "0-1"]
[WhiteElo "2080"]
[BlackElo "2075"]

1.e4 d6 2.d4 Nf6 3.Nc3 c6 4.f4 Qb6 5.Nf3 Bg4 6.Be2 Bxf3 7.Bxf3 e5 8.Ne2 Nbd7
9.O-O h5 10.Kh1 exd4 11.Qxd4 Qxd4 12.Nxd4 O-O-O 13.Re1 Re8 14.Nb3 g6 15.Bd2 Bh6
16.g3 Ng4 17.h3 Bg7 18.hxg4 hxg4+ 19.Kg2 gxf3+ 20.Kxf3 Bxb2 21.Rab1 Bg7 22.Na5 Nb6
23.Rb3 f5 24.Rbe3 Rh2 25.R3e2 fxe4+ 26.Kg4 Rxe2 27.Rxe2 d5 28.Bb4 Nd7 29.Kg5 Bf6+
30.Kxg6 Rg8+ 31.Kf7 Rxg3 32.Bd6 Bc3 33.Rh2 Rg7+ 34.Ke6 Bxa5 35.Rh8+ Bd8  0-1

[Event "Uzes op"]
[Site "Uzes"]
[Date "1989.??.??"]
[Round "4"]
[White "Scheidegger, Claude"]
[Black "Lebel Arias, Julia"]
[Result "1/2-1/2"]
[WhiteElo "1800"]
[BlackElo "2075"]

1.e4 d6 2.d4 Nf6 3.Nc3 c6 4.f4 Qa5 5.Bd2 e5 6.Nd5 Qd8 7.Nxf6+ Qxf6 8.dxe5 dxe5
9.Qf3 exf4 10.O-O-O Be6 11.Kb1 Nd7 12.Qxf4 Qxf4 13.Bxf4 O-O-O 14.Nf3 Be7
15.Be2 f6 16.Nd4 Bf7 17.Nxc6 Bc5 18.b4 Rde8 19.bxc5 bxc6 20.Ba6+ Kd8 21.Rxd7+ Kxd7
22.Rd1+ Ke7 23.Bd6+ Kd7 24.Bf4+ Ke7 25.Bd6+  1/2-1/2

[Event "Uzes op"]
[Site "Uzes"]
[Date "1989.??.??"]
[Round "6"]
[White "Anton, J."]
[Black "Lebel Arias, Julia"]
[Result "0-1"]
[WhiteElo "1790"]
[BlackElo "2075"]

1.e4 d6 2.d4 Nf6 3.Nc3 c6 4.f4 Qa5 5.Bd3 e5 6.dxe5 dxe5 7.Nf3 Bb4 8.Nxe5 Bxc3+
9.bxc3 Qxc3+ 10.Bd2 Qd4 11.c3 Qc5 12.Qe2 O-O 13.Be3 Qxc3+ 14.Kf2 Nbd7 15.Rhc1 Qa5
16.Nxf7 Rxf7 17.Bc4 Nxe4+ 18.Kg1 Nef6 19.Bd4 Nd5 20.Qe8+ Nf8 21.Qe5 Be6 22.Rab1 Re8
23.f5 Bd7 24.Qg3 Qd2 25.f6 Qxd4+  0-1

[Event "Uzes op"]
[Site "Uzes"]
[Date "1989.??.??"]
[Round "8"]
[White "Lahaye, O."]
[Black "Lebel, Patrick"]
[Result "0-1"]
[WhiteElo "1660"]
[BlackElo "2270"]

1.e4 d6 2.d4 Nf6 3.Nc3 c6 4.a4 Qa5 5.Bd2 Qb6 6.Nf3 Bg4 7.e5 dxe5 8.dxe5 Nfd7
9.Bc4 Bxf3 10.Bxf7+ Kxf7 11.e6+ Kxe6 12.Qxf3 Nf6 13.O-O Nbd7 14.Qe2+ Kf7
15.Rfe1 g6 16.Ne4 Nxe4 17.Qxe4 e5 18.Qc4+ Kg7 19.Qe6 Qd8 20.Rad1 Qe8 21.Qh3 Rd8
22.Bg5 Be7 23.Bh6+ Kg8 24.Qb3+ Qf7 25.Qxb7 Bc5 26.Rxe5 Bxf2+ 27.Kh1 Bb6 28.a5 Nxe5
29.Rxd8+ Bxd8 30.Qxf7+ Kxf7  0-1

[Event "Val Maubuee op"]
[Site "Val Maubuee"]
[Date "1989.??.??"]
[Round "?"]
[White "Prie, Eric"]
[Black "Gazik, Igor"]
[Result "0-1"]
[WhiteElo "2335"]
[BlackElo "2390"]

1.e4 d6 2.d4 Nf6 3.Nc3 c6 4.a4 a5 5.Nf3 Bg4 6.h3 Bh5 7.Bg5 e6 8.g4 Bg6 9.Nh4 Be7
10.Nxg6 hxg6 11.f4 Qb6 12.Qd2 Nbd7 13.O-O-O O-O-O 14.Bc4 d5 15.exd5 exd5
16.Be2 Rde8 17.Bf3 Kb8 18.f5 gxf5 19.Qf4+ Ka8 20.Qxf5 Nf8 21.Bg2 Ne6 22.Be3 Ref8
23.Qd3 Bb4 24.Ne2 Ne8 25.Nf4 Nxf4 26.Bxf4 Bd6 27.Bd2 Bb4 28.Bf4 Bd6 29.Bd2 Nc7
30.Kb1 Ne6 31.Be3 Qb4 32.b3 Nf4 33.Bxf4 Bxf4 34.Rhe1 Re8 35.Re2 Ka7 36.Kb2 Rxe2
37.Qxe2 Rh6 38.c3 Qd6 39.Re1 Bg3 40.Rf1 Re6 41.Qd3 Qe7 42.Bf3 Re3 43.Qd1 Be1  0-1

[Event "Val Maubuee"]
[Site "Val Maubuee"]
[Date "1989.??.??"]
[Round "2"]
[White "Kosten, Anthony C"]
[Black "Andruet, Gilles"]
[Result "1/2-1/2"]
[WhiteElo "2505"]
[BlackElo "2420"]

1.e4 d6 2.d4 Nf6 3.Nc3 c6 4.Nf3 Bg4 5.Be2 e6 6.h3 Bxf3 7.Bxf3 d5 8.O-O Bb4
9.e5 Nfd7 10.Ne2 Be7 11.Nf4 Qb6 12.Re1 O-O 13.c3 c5 14.c4 Nc6 15.cxd5 Nxd4
16.Bg4 Rfd8 17.dxe6 fxe6 18.Bxe6+ Nxe6 19.Nd5 Qa6 20.Nxe7+ Kf7 21.Nd5 Nb6
22.Qf3+ Kg8 23.Ne7+ Kh8 24.Be3 Nc4 25.Qh5 Rd7 26.Ng6+ Kg8 27.Nf4 Nxb2 28.Qf5 Re8
29.Nh5 Nd3 30.Red1 c4 31.f4 Kh8 32.Qg4  1/2-1/2

[Event "Val Maubuee"]
[Site "Val Maubuee"]
[Date "1989.??.??"]
[Round "9"]
[White "Boudre, Jean Pierre"]
[Black "Andruet, Gilles"]
[Result "1-0"]
[WhiteElo "2380"]
[BlackElo "2420"]

1.e4 d6 2.d4 Nf6 3.Nc3 c6 4.Bg5 Qa5 5.Qd2 Nbd7 6.f4 e5 7.Nf3 Be7 8.Bd3 h6
9.Bxf6 Bxf6 10.dxe5 dxe5 11.f5 Be7 12.a3 Bb4 13.O-O Bxc3 14.bxc3 O-O 15.g4 Nf6
16.Kh1 Rd8 17.Qg2 Qxc3 18.g5 hxg5 19.Qxg5 Kf8 20.Rg1 Ke7 21.Qg3 b6 22.Nxe5 Bb7
23.Nxf7 c5 24.Nxd8  1-0

[Event "Warsaw op"]
[Site "Warsaw"]
[Date "1989.??.??"]
[Round "?"]
[White "Hawelko, Marek"]
[Black "Titov, German"]
[Result "0-1"]
[WhiteElo "2455"]
[BlackElo "2390"]

1.d4 d6 2.e4 Nf6 3.Nc3 c6 4.Bg5 Nbd7 5.f4 e5 6.dxe5 dxe5 7.fxe5 Nxe5 8.Qxd8+ Kxd8
9.O-O-O+ Ke8 10.Nf3 Nxf3 11.gxf3 Be6 12.e5 Nd7 13.f4 Be7 14.h4 Bc5 15.Bd3 h6
16.f5 Nxe5 17.fxe6 Nxd3+ 18.Rxd3 hxg5 19.Ne4 Be7 20.exf7+ Kxf7 21.Rf1+ Kg6
22.Rd7 Rae8 23.Nd6 Ref8 24.Rg1 Bf6 25.hxg5 Bxg5+ 26.Kb1 Rh2  0-1

[Event "Warsaw op"]
[Site "Warsaw"]
[Date "1989.??.??"]
[Round "?"]
[White "Tseshkovsky, Vitaly"]
[Black "Dawidow, Jacek"]
[Result "1-0"]
[WhiteElo "2520"]
[BlackElo "2365"]

1.e4 d6 2.d4 Nf6 3.Nc3 c6 4.a4 Qa5 5.Bd2 e5 6.Nge2 Qc7 7.h3 a5 8.g3 Be7 9.Bg2 O-O
10.O-O b6 11.d5 Ba6 12.dxc6 Qxc6 13.Re1 Nbd7 14.Nf4 Rac8 15.Nfd5 Bd8 16.Nxf6+ Nxf6
17.Be3 b5 18.axb5 Bxb5 19.g4 Bc4 20.Qd2 Rb8 21.b3 Be6 22.Nd5 Bxd5 23.exd5 Qb5
24.Ra4 Nd7 25.Rc4 Bb6 26.Rc6 Bxe3 27.Qxe3 Rb6 28.Ra1 Nc5 29.Qc3 Nb7 30.Bf1 Qb4
31.Qxb4 Rxb4 32.Bc4 Nc5 33.Rxd6 Ra8 34.Rxa5  1-0

[Event "Warsaw op"]
[Site "Warsaw"]
[Date "1989.??.??"]
[Round "?"]
[White "Rantanen, Yrjo A"]
[Black "Hawelko, Marek"]
[Result "0-1"]
[WhiteElo "2370"]
[BlackElo "2455"]

1.e4 d6 2.d4 Nf6 3.Nc3 c6 4.a4 Nbd7 5.g3 e5 6.Bg2 b6 7.Nge2 Bb7 8.h3 Be7
9.Be3 O-O 10.O-O a6 11.g4 b5 12.Ng3 b4 13.Nce2 d5 14.dxe5 Nxe5 15.Bd4 Ng6
16.exd5 Nxd5 17.Nf5 Bf6 18.Bxd5 cxd5 19.Qd2 a5 20.Neg3 Ne5 21.f4 Nc4 22.Qf2 Bxd4
23.Qxd4 Qb6 24.Qxb6 Nxb6 25.Nh5 g6 26.Nf6+ Kh8 27.Nd4 Kg7 28.g5 Nc4 29.Rfe1 Nxb2
30.Re7 Bc8 31.h4 Nc4 32.h5 gxh5 33.f5 Nd6 34.Kh2 Nxf5 35.Nxh5+ Kg6 36.Nf4+ Kxg5
37.Rg1+ Kxf4 38.Ne2+ Kf3 39.Rf1+ Kg4 40.Rg1+ Kh4 41.Re5 Be6 42.Nf4 Rac8 43.Re2 Rc4
44.Rf2 Rfc8 45.Rf3 Rxc2+ 46.Kh1 R8c3 47.Nd3 d4 48.Rf4+ Kh5  0-1

[Event "Werfen op"]
[Site "Werfen"]
[Date "1989.??.??"]
[Round "3"]
[White "Siklosi, Zoltan"]
[Black "Kovacevic, Dragan"]
[Result "1/2-1/2"]
[WhiteElo "2290"]
[BlackElo "2270"]

1.e4 d6 2.d4 Nf6 3.Nc3 c6 4.a4 Qa5 5.Bd2 e5 6.Nf3 Qc7 7.Bc4 Be7 8.h3 O-O
9.O-O h6 10.Qe2 Re8 11.Rfd1 Bf8 12.dxe5 dxe5 13.Nh4 a5 14.Qf3 Be6 15.Bxe6 Rxe6
16.Nf5 Ne8 17.Be3 Na6 18.Rd2 Rd8 19.Rad1 Rxd2 20.Rxd2 Bc5 21.Bxc5 Nxc5 22.Qd1 Kh7
23.Ne3 Nf6 24.Nc4 Re7 25.Qe2 Ne6 26.Qe3 b5 27.axb5 cxb5 28.Nb6 Qc5 29.Nbd5 Qxe3
30.fxe3 Rb7 31.Nxf6+ gxf6 32.Nd5 Kg7 33.Rf2 a4 34.c3 Nc5 35.Nxf6 Nd3 36.Rd2 Nxb2
37.Nh5+ Kg6 38.Rxb2 Kxh5 39.Kf2 Kh4 40.Kf3 Rb6 41.Rb1 Rf6+ 42.Ke2 Rb6 43.Kf3 Kg5
44.Ke2 Kf6 45.Kd3 Ke6 46.Kc2 f6 47.g4 Kd6 48.Rd1+ Kc7 49.Rd5 Rb8 50.Kb2 b4
51.Ra5 bxc3+ 52.Kxc3 Rb3+ 53.Kc4 Rxe3 54.Kd5 a3 55.Ra6 Rf3 56.Ke6 Kb7 57.Ra4 Kb6
58.Kf7 Kb5 59.Ra8 Kb4 60.Kg6 Kb3 61.h4 Re3 62.Kxf6 Rxe4  1/2-1/2